| Tag |
First Indicator |
Second Indicator |
Subfields |
| LEADER |
00000cas a2200000 4500 |
| 001 |
in00000014677 |
| 005 |
20151007052253.0 |
| 008 |
760326c19679999hiuar1 |||| 0uuua0eng |
| 010 |
|
|
|a 68007572
|
| 022 |
|
|
|a 0440-5145
|
| 035 |
|
|
|a (OCoLC)02071455
|
| 035 |
|
|
|9 AAA7051AM
|
| 040 |
|
|
|a DLC
|c YUS
|d NSD
|d DLC
|d OCL
|d AIP
|d NSD
|d AIP
|d DLC
|d m/c
|d DLC
|d UtOrBLW
|
| 042 |
|
|
|a nsdp
|a lc
|
| 043 |
|
|
|a po----
|
| 049 |
|
|
|a TXAE
|
| 050 |
0 |
0 |
|a DU1
|b .H4
|
| 210 |
0 |
|
|a Hawaii. j. hist.
|
| 222 |
|
4 |
|a The Hawaiian journal of history
|
| 245 |
0 |
4 |
|a The Hawaiian journal of history.
|
| 264 |
|
1 |
|a [Honolulu] :
|b [Hawaiian Historical Society]
|
| 300 |
|
|
|a volumes :
|b illustrations, plates ;
|c 23 cm.
|
| 336 |
|
|
|a text
|b txt
|2 rdacontent
|
| 337 |
|
|
|a unmediated
|b n
|2 rdamedia
|
| 338 |
|
|
|a volume
|b nc
|2 rdacarrier
|
| 362 |
0 |
|
|a v. 1- 1967-
|
| 651 |
|
0 |
|a Oceania
|x History
|x Periodicals.
|
| 710 |
2 |
|
|a Hawaiian Historical Society.
|
| 999 |
|
|
|a MARS
|
| 999 |
f |
f |
|s c12d2d14-0b78-38e6-a6fa-0a97a3d514a5
|i a7c64fa6-a39e-3a64-9179-18190eecd6b4
|t 0
|
| 952 |
f |
f |
|p ric
|a Texas A&M University
|b Rellis Campus
|c Joint Library Facility
|d Remote Storage
|t 0
|e DU1 .H4
|h Library of Congress classification
|i unmediated -- volume
|k v.17
|l 1983
|m A14816782049
|
| 952 |
f |
f |
|p ric
|a Texas A&M University
|b Rellis Campus
|c Joint Library Facility
|d Remote Storage
|t 0
|e DU1 .H4
|h Library of Congress classification
|i unmediated -- volume
|k v.41
|l 2007
|m A14836997753
|
| 952 |
f |
f |
|p ric
|a Texas A&M University
|b Rellis Campus
|c Joint Library Facility
|d Remote Storage
|t 0
|e DU1 .H4
|h Library of Congress classification
|i unmediated -- volume
|k v.20
|l 1986
|m A14811323905
|
| 952 |
f |
f |
|p ric
|a Texas A&M University
|b Rellis Campus
|c Joint Library Facility
|d Remote Storage
|t 0
|e DU1 .H4
|h Library of Congress classification
|i unmediated -- volume
|k v.28
|l 1994
|m A14818516436
|
| 952 |
f |
f |
|p ric
|a Texas A&M University
|b Rellis Campus
|c Joint Library Facility
|d Remote Storage
|t 0
|e DU1 .H4
|h Library of Congress classification
|i unmediated -- volume
|k v.23
|l 1989
|m A14812305439
|
| 952 |
f |
f |
|p ric
|a Texas A&M University
|b Rellis Campus
|c Joint Library Facility
|d Remote Storage
|t 0
|e DU1 .H4
|h Library of Congress classification
|i unmediated -- volume
|k v.5-8
|l 1972-1974
|m A14816782900
|
| 952 |
f |
f |
|p ric
|a Texas A&M University
|b Rellis Campus
|c Joint Library Facility
|d Remote Storage
|t 0
|e DU1 .H4
|h Library of Congress classification
|i unmediated -- volume
|k v.44
|l 2010
|m A14839505343
|
| 952 |
f |
f |
|p ric
|a Texas A&M University
|b Rellis Campus
|c Joint Library Facility
|d Remote Storage
|t 0
|e DU1 .H4
|h Library of Congress classification
|i unmediated -- volume
|k v.45
|l 2011
|m A14841560430
|
| 952 |
f |
f |
|p ric
|a Texas A&M University
|b Rellis Campus
|c Joint Library Facility
|d Remote Storage
|t 0
|e DU1 .H4
|h Library of Congress classification
|i unmediated -- volume
|k v.36
|l 2002
|m A14829868600
|
| 952 |
f |
f |
|p ric
|a Texas A&M University
|b Rellis Campus
|c Joint Library Facility
|d Remote Storage
|t 0
|e DU1 .H4
|h Library of Congress classification
|i unmediated -- volume
|k v.26
|l 1992
|m A14816557567
|
| 952 |
f |
f |
|p ric
|a Texas A&M University
|b Rellis Campus
|c Joint Library Facility
|d Remote Storage
|t 0
|e DU1 .H4
|h Library of Congress classification
|i unmediated -- volume
|k v.43
|l 2009
|m A14839505335
|
| 952 |
f |
f |
|p ric
|a Texas A&M University
|b Rellis Campus
|c Joint Library Facility
|d Remote Storage
|t 0
|e DU1 .H4
|h Library of Congress classification
|i unmediated -- volume
|k v.1/35:Index
|l 1967/2001
|m A14833966884
|
| 952 |
f |
f |
|p ric
|a Texas A&M University
|b Rellis Campus
|c Joint Library Facility
|d Remote Storage
|t 0
|e DU1 .H4
|h Library of Congress classification
|i unmediated -- volume
|k v.49
|l 2015
|m A14852615682
|
| 952 |
f |
f |
|p ric
|a Texas A&M University
|b Rellis Campus
|c Joint Library Facility
|d Remote Storage
|t 0
|e DU1 .H4
|h Library of Congress classification
|i unmediated -- volume
|k v.30
|l 1996
|m A14820476529
|
| 952 |
f |
f |
|p ric
|a Texas A&M University
|b Rellis Campus
|c Joint Library Facility
|d Remote Storage
|t 0
|e DU1 .H4
|h Library of Congress classification
|i unmediated -- volume
|k v.25
|l 1991
|m A14815106834
|
| 952 |
f |
f |
|p ric
|a Texas A&M University
|b Rellis Campus
|c Joint Library Facility
|d Remote Storage
|t 0
|e DU1 .H4
|h Library of Congress classification
|i unmediated -- volume
|k v.27
|l 1993
|m A14817952485
|
| 952 |
f |
f |
|p ric
|a Texas A&M University
|b Rellis Campus
|c Joint Library Facility
|d Remote Storage
|t 0
|e DU1 .H4
|h Library of Congress classification
|i unmediated -- volume
|k v.18
|l 1984
|m A14816782099
|
| 952 |
f |
f |
|p ric
|a Texas A&M University
|b Rellis Campus
|c Joint Library Facility
|d Remote Storage
|t 0
|e DU1 .H4
|h Library of Congress classification
|i unmediated -- volume
|k v.39
|l 2005
|m A14830855018
|
| 952 |
f |
f |
|p ric
|a Texas A&M University
|b Rellis Campus
|c Joint Library Facility
|d Remote Storage
|t 0
|e DU1 .H4
|h Library of Congress classification
|i unmediated -- volume
|k v.31
|l 1997
|m A14822051341
|
| 952 |
f |
f |
|p ric
|a Texas A&M University
|b Rellis Campus
|c Joint Library Facility
|d Remote Storage
|t 0
|e DU1 .H4
|h Library of Congress classification
|i unmediated -- volume
|k v.32
|l 1998
|m A14825165327
|
| 952 |
f |
f |
|p ric
|a Texas A&M University
|b Rellis Campus
|c Joint Library Facility
|d Remote Storage
|t 0
|e DU1 .H4
|h Library of Congress classification
|i unmediated -- volume
|k v.19
|l 1985
|m A14816782146
|
| 952 |
f |
f |
|p ric
|a Texas A&M University
|b Rellis Campus
|c Joint Library Facility
|d Remote Storage
|t 0
|e DU1 .H4
|h Library of Congress classification
|i unmediated -- volume
|k v.24
|l 1990
|m A14813918730
|
| 952 |
f |
f |
|p ric
|a Texas A&M University
|b Rellis Campus
|c Joint Library Facility
|d Remote Storage
|t 0
|e DU1 .H4
|h Library of Congress classification
|i unmediated -- volume
|k v.48
|l 2014
|m A14843020117
|
| 952 |
f |
f |
|p ric
|a Texas A&M University
|b Rellis Campus
|c Joint Library Facility
|d Remote Storage
|t 0
|e DU1 .H4
|h Library of Congress classification
|i unmediated -- volume
|k v.38
|l 2004
|m A14831425581
|
| 952 |
f |
f |
|p ric
|a Texas A&M University
|b Rellis Campus
|c Joint Library Facility
|d Remote Storage
|t 0
|e DU1 .H4
|h Library of Congress classification
|i unmediated -- volume
|k v.42
|l 2008
|m A14837483325
|
| 952 |
f |
f |
|p ric
|a Texas A&M University
|b Rellis Campus
|c Joint Library Facility
|d Remote Storage
|t 0
|e DU1 .H4
|h Library of Congress classification
|i unmediated -- volume
|k v.34
|l 2000
|m A14828175949
|
| 952 |
f |
f |
|p ric
|a Texas A&M University
|b Rellis Campus
|c Joint Library Facility
|d Remote Storage
|t 0
|e DU1 .H4
|h Library of Congress classification
|i unmediated -- volume
|k v.21
|l 1987
|m A14811323955
|
| 952 |
f |
f |
|p ric
|a Texas A&M University
|b Rellis Campus
|c Joint Library Facility
|d Remote Storage
|t 0
|e DU1 .H4
|h Library of Congress classification
|i unmediated -- volume
|k v.46
|l 2012
|m A14841835607
|
| 952 |
f |
f |
|p ric
|a Texas A&M University
|b Rellis Campus
|c Joint Library Facility
|d Remote Storage
|t 0
|e DU1 .H4
|h Library of Congress classification
|i unmediated -- volume
|k v.47
|l 2013
|m A14842277338
|
| 952 |
f |
f |
|p ric
|a Texas A&M University
|b Rellis Campus
|c Joint Library Facility
|d Remote Storage
|t 0
|e DU1 .H4
|h Library of Congress classification
|i unmediated -- volume
|k v.37
|l 2003
|m A14830683720
|
| 952 |
f |
f |
|p ric
|a Texas A&M University
|b Rellis Campus
|c Joint Library Facility
|d Remote Storage
|t 0
|e DU1 .H4
|h Library of Congress classification
|i unmediated -- volume
|k v.22
|l 1988
|m A14811290152
|
| 952 |
f |
f |
|p ric
|a Texas A&M University
|b Rellis Campus
|c Joint Library Facility
|d Remote Storage
|t 0
|e DU1 .H4
|h Library of Congress classification
|i unmediated -- volume
|k v.40
|l 2006
|m A14835162753
|
| 952 |
f |
f |
|p ric
|a Texas A&M University
|b Rellis Campus
|c Joint Library Facility
|d Remote Storage
|t 0
|e DU1 .H4
|h Library of Congress classification
|i unmediated -- volume
|k v.35
|l 2001
|m A14828611220
|
| 952 |
f |
f |
|p ric
|a Texas A&M University
|b Rellis Campus
|c Joint Library Facility
|d Remote Storage
|t 0
|e DU1 .H4
|h Library of Congress classification
|i unmediated -- volume
|k v.29
|l 1995
|m A14819469292
|
| 952 |
f |
f |
|p ric
|a Texas A&M University
|b Rellis Campus
|c Joint Library Facility
|d Remote Storage
|t 0
|e DU1 .H4
|h Library of Congress classification
|i unmediated -- volume
|k v.1-4
|l 1967-1970
|m A14816782853
|
| 952 |
f |
f |
|p ric
|a Texas A&M University
|b Rellis Campus
|c Joint Library Facility
|d Remote Storage
|t 0
|e DU1 .H4
|h Library of Congress classification
|i unmediated -- volume
|k v.33
|l 1999
|m A14826282279
|
| 952 |
f |
f |
|p ric
|a Texas A&M University
|b Rellis Campus
|c Joint Library Facility
|d Remote Storage
|t 0
|e DU1 .H4
|h Library of Congress classification
|i unmediated -- volume
|k v.9-12
|l 1975-1978
|m A14816782950
|
| 952 |
f |
f |
|p ric
|a Texas A&M University
|b Rellis Campus
|c Joint Library Facility
|d Remote Storage
|t 0
|e DU1 .H4
|h Library of Congress classification
|i unmediated -- volume
|k v.13-16
|l 1979-1982
|m A14816783003
|
| 998 |
f |
f |
|a DU1 .H4
|s v.1-49 (1967-2015)
|t 0
|l Remote Storage
|